000 00634nam a2200205Ii 4500
003 JO-AjNU
008 230605s9999||||xx |||||||||||||| ||und||
017 _a1001/1982
040 _aJO-AjNU
_bara
_erda
_cJO-AjNU
041 _aara
050 1 4 _aJQ1825.I7.A430.1982
100 3 _aعلي ، عامر محمد ,
_eauthor
_934714
245 0 0 _aسلطة الادارة فى تنفيذ المشاريع الكبرى
250 _a(د،ط)
264 3 1 _aبغداد : دار القادسية ، 1982
300 _a289ص
336 _atext
_btxt
_2rdacontent
337 _aunmediated
_bn
_2rdamedia
338 _avolume
_bnc
_2rdacarrier
999 _aA14261
_c17829
_d17829